Aldous Huxley, novelist /

Bibliographic Details
Main Author: Ferns, C. S. (Christopher S.)
Format: Book
Language:English
Published: London : Athlone Press, 1980.
Subjects:

MARC

Tag First Indicator Second Indicator Subfields
LEADER 00000cam a2200000 a 4500
001 in00000091660
005 20150923131717.0
008 800825s1980 enk b 00110 eng d
020 |a 0485111942 
035 |a (OCoLC)06651747 
035 |9 AAK6991AM 
040 |a AZU  |c AZU  |d m.c.  |d TXA  |d UtOrBLW 
049 |a TXAM  |c [1806171] 
090 |a PR6015 U9  |b  Z617 
100 1 |a Ferns, C. S.  |q (Christopher S.) 
245 1 0 |a Aldous Huxley, novelist /  |c C.S. Ferns. 
264 1 |a London :  |b Athlone Press,  |c 1980. 
300 |a v, 240 pages ;  |c 23 cm. 
336 |a text  |b txt  |2 rdacontent 
337 |a unmediated  |b n  |2 rdamedia 
338 |a volume  |b nc  |2 rdacarrier 
504 |a Includes bibliographical references and index. 
600 1 0 |a Huxley, Aldous,  |d 1894-1963  |x Criticism and interpretation. 
999 |a MARS 
999 f f |s ac8fe317-a5c9-3008-8949-23818eb38bb1  |i 022e34d4-67e8-3964-906d-aa59f5a3fbdf  |t 0 
952 f f |p normal  |a Texas A&M University  |b College Station  |c Sterling C. Evans Library  |d Evans: Library Stacks  |t 0  |e PR6015 U9 Z617  |h Library of Congress classification  |i unmediated -- volume  |m A14806019478 
998 f f |a PR6015 U9 Z617  |t 0  |l Evans: Library Stacks